Leadership secrets of Attila the Hun / (Record no. 12981)

MARC details
000 -BAŞLIK
Sabit Uzunlukta Kontrol Alanı 00590nam a2200205 4500
999 ## - SİSTEM KONTROL NUMARALARI (KOHA)
Koha Biblionumber 12981
Koha Biblioitemnumber 12981
003 - KONTROL NUMARASI IDENTIFIER
Denetim Alanı MIRAKIL
005 - SON İŞLEM TARİHİ VE ZAMANI
Denetim Alanı 20190319120627.0
008 - SABİT-BOY VERİ ELEMANLARI - GENEL BİLGİLER
Sabit Uzunlukta Kontrol Alanı 190319b tu ||||| |||| 00| 0 tur d
020 ## - ULUSLARARASI STANDART KİTAP NUMARASI
Uluslararası Standart Kitap Numarası 0446391069
040 ## - KATALOGLAMA KAYNAK
Orijinal Kataloglama Ajansı TR-AnCHP
Metne Dönüştürmek Ajansı TR-AnCHP
041 ## - DİL KODU
Metin / Ses Parça Veya Ayrı Başlığın Dil Kodu eng
082 ## - DEWEY ONLU SINIFLANDIRMA NUMARASI
Sınıflandırma Numarası 303.34
Ürün Numarası R61l 1990
100 ## - ANA GİRİŞ - KİŞİSEL İSİM
Kişisel Ad Roberts, Wess
245 10 - BAŞLIK TABLOSU
Başlık Leadership secrets of Attila the Hun /
Sorumluluk Tablosu, Vb Wess Roberts.
260 ## - YAYIN, DAĞITIM, VB
Yayın, Dağıtım, Vb Yeri New York:
Yayıncı, Dağıtıcı, Vs Adı Warner Books,
Yayın, Dağıtım, Vb Tarihi 1990.
300 ## - FİZİKSEL TANIM
Kapsam 110 s.:
Boyutlar 20 sm.
600 #0 - KONU KATMA GİRİŞ - KURUMSAL ADI
9 (RLIN) 5498
Kişisel Ad Attila
Başlıklar Ve Bir Adla İlişkili Diğer Kelimeler Avrupa Hun İmparatorluğu hükümdarı
Bir Adıyla İlişkilendirilen Tarihler 406-453
650 #0 - KONU KATMA GİRİŞ - TOPİKAL DÖNEM
9 (RLIN) 5499
Topikal Süreli Veya Coğrafi Ad Giriş Elemanı Liderlik
942 ## - EKLENDİ GİRİŞ ELEMANLARI (KOHA)
Sınıflandırma Veya Raf Düzeni Kaynak Dewey Decimal Classification
Koha Öğesi Türü Books
Holdings
Kalıcı Konum Mevcut Konum Edinme Tarihi Toplam Check-Out'Lar Tam Çağrı Numarası Barkod Tarih Son Görülme İtibaren Geçerli Fiyatlar Sigara Kamu Notu Koha Öğesi Türü
CHP Kütüphanesi CHP Kütüphanesi 03/19/2019   303.34 R61l 1990 019041 03/19/2019 03/19/2019 Ertuğrul Çepni bağışıdır. Books